| 000 | 00491nam a2200133 a 4500 | ||
|---|---|---|---|
| 001 | 000038828 | ||
| 005 | 20250401130908.0 | ||
| 008 | 130426s1990 dr 000 0 spa d | ||
| 040 |
_aDO-SdBNP _bspa _cBNPHU |
||
| 110 | 2 |
_aPrograma de las Naciones Unidas para el Desarrollo _9187 |
|
| 245 | 1 | 0 | _aInforme anual de la cooperación para el desarrollo, República Dominicana 1989. |
| 260 |
_a[Santo Domingo] : _bPrograma de las Naciones Unidas para el Desarrollo, _c1990. |
||
| 300 |
_a89 p. ; _c29 cm. |
||
| 999 |
_c38318 _d38318 |
||